| 000 | 00514nam a2200181Ia 4500 | ||
|---|---|---|---|
| 008 | 151018s9999 xx 000 0 und d | ||
| 082 |
_bRBASDV3035 _a891.463 |
||
| 100 | _aहरी नारायण आपटे | ||
| 245 | _aआजच | ||
| 250 | _b1 | ||
| 260 |
_bपटवर्धन अ वि _c1924 |
||
| 300 | _a200 | ||
| 600 | _aहरी नारायण आपटे | ||
| 630 | _aआजच | ||
| 700 | _aहरी नारायण आपटे | ||
| 730 | _aआजच | ||
| 942 | _cBOOK | ||
| 999 |
_c1005449 _d1005446 |
||